| 000 | 00680nam a2200241 a 4500 | ||
|---|---|---|---|
| 001 | 20927 | ||
| 003 | BD-RjUL | ||
| 005 | 20211209000629.0 | ||
| 008 | 140302t19681962nyu 000 1 eng d | ||
| 035 |
_a(BD-RjUL)20989 _a(OCoLC)17201018 |
||
| 040 |
_aYNG _beng _cm.c _dBD-RjUL |
||
| 041 | _aeng | ||
| 082 | 0 | 4 |
_a821.09 _bGRO 1968 |
| 100 | 1 |
_aGraves, Robert, _d1895-1985. _955177 |
|
| 245 | 1 | 0 |
_aOxford addresses on poetry / _cby Robert Graves. |
| 260 |
_aNew York : _bGreenwood Press, _cc1962 [1968]. |
||
| 300 |
_a141 p. ; _c22 cm. |
||
| 650 | 0 |
_aEnglish poetry. _964652 |
|
| 942 |
_2ddc _cBK |
||
| 999 |
_c20927 _d20927 |
||